<?xml version="1.0" encoding="UTF-8"?>
<collection xmlns="http://www.loc.gov/MARC21/slim">
 <record>
  <leader>07103cam a2201021   4500</leader>
  <controlfield tag="001">1622706161</controlfield>
  <controlfield tag="003">DE-627</controlfield>
  <controlfield tag="005">20241103215657.0</controlfield>
  <controlfield tag="007">tu</controlfield>
  <controlfield tag="008">170111s2016    gw ||||| c    00| ||ger c</controlfield>
  <datafield tag="015" ind1=" " ind2=" ">
   <subfield code="a">15,N38</subfield>
   <subfield code="2">dnb</subfield>
  </datafield>
  <datafield tag="016" ind1="7" ind2=" ">
   <subfield code="a">1076283330</subfield>
   <subfield code="2">DE-101</subfield>
  </datafield>
  <datafield tag="020" ind1=" " ind2=" ">
   <subfield code="a">9783110459333</subfield>
   <subfield code="c">Festeinband : EUR 46.30 (AT), ca. EUR 44.95 (DE), ca. GBP 33.99 (GB) (freier Pr.)</subfield>
   <subfield code="9">978-3-11-045933-3</subfield>
  </datafield>
  <datafield tag="020" ind1=" " ind2=" ">
   <subfield code="a">3110459337</subfield>
   <subfield code="9">3-11-045933-7</subfield>
  </datafield>
  <datafield tag="020" ind1=" " ind2=" ">
   <subfield code="a">9783110459906</subfield>
   <subfield code="c"> (print + ebook)</subfield>
   <subfield code="9">978-3-11-045990-6</subfield>
  </datafield>
  <datafield tag="035" ind1=" " ind2=" ">
   <subfield code="a">(DE-627)1622706161</subfield>
  </datafield>
  <datafield tag="035" ind1=" " ind2=" ">
   <subfield code="a">(DE-576)481644245</subfield>
  </datafield>
  <datafield tag="035" ind1=" " ind2=" ">
   <subfield code="a">(DE-599)BSZ481644245</subfield>
  </datafield>
  <datafield tag="035" ind1=" " ind2=" ">
   <subfield code="a">(OCoLC)953265408</subfield>
  </datafield>
  <datafield tag="035" ind1=" " ind2=" ">
   <subfield code="a">(OCoLC)951551069</subfield>
  </datafield>
  <datafield tag="035" ind1=" " ind2=" ">
   <subfield code="a">(OCoLC)1078730255</subfield>
  </datafield>
  <datafield tag="040" ind1=" " ind2=" ">
   <subfield code="a">DE-627</subfield>
   <subfield code="b">ger</subfield>
   <subfield code="c">DE-627</subfield>
   <subfield code="e">rda</subfield>
  </datafield>
  <datafield tag="041" ind1=" " ind2=" ">
   <subfield code="a">ger</subfield>
  </datafield>
  <datafield tag="044" ind1=" " ind2=" ">
   <subfield code="c">XA-DE-BE</subfield>
  </datafield>
  <datafield tag="050" ind1=" " ind2="0">
   <subfield code="a">ND1301.6.M37</subfield>
  </datafield>
  <datafield tag="072" ind1=" " ind2="7">
   <subfield code="a">ART015000</subfield>
   <subfield code="2">bisacsh</subfield>
  </datafield>
  <datafield tag="072" ind1=" " ind2="7">
   <subfield code="a">ART000000</subfield>
   <subfield code="2">bisacsh</subfield>
  </datafield>
  <datafield tag="072" ind1=" " ind2="7">
   <subfield code="a">ART015080</subfield>
   <subfield code="2">bisacsh</subfield>
  </datafield>
  <datafield tag="072" ind1=" " ind2="7">
   <subfield code="a">ART050040</subfield>
   <subfield code="2">bisacsh</subfield>
  </datafield>
  <datafield tag="082" ind1="0" ind2=" ">
   <subfield code="a">700</subfield>
  </datafield>
  <datafield tag="082" ind1="0" ind2=" ">
   <subfield code="a">779/.2092</subfield>
   <subfield code="q">LOC</subfield>
   <subfield code="2">23</subfield>
  </datafield>
  <datafield tag="082" ind1="0" ind2=" ">
   <subfield code="a">757.0943609033</subfield>
   <subfield code="q">DE-101</subfield>
   <subfield code="2">22/ger</subfield>
  </datafield>
  <datafield tag="082" ind1="0" ind2="4">
   <subfield code="a">750</subfield>
   <subfield code="q">DE-101</subfield>
  </datafield>
  <datafield tag="084" ind1=" " ind2=" ">
   <subfield code="a">700#DNB</subfield>
   <subfield code="2">sdnb</subfield>
  </datafield>
  <datafield tag="084" ind1=" " ind2=" ">
   <subfield code="a">KUNST</subfield>
   <subfield code="q">DE-16</subfield>
   <subfield code="2">fid</subfield>
  </datafield>
  <datafield tag="084" ind1=" " ind2=" ">
   <subfield code="a">LH 60400</subfield>
   <subfield code="q">OBV</subfield>
   <subfield code="2">rvk</subfield>
   <subfield code="0">(DE-625)rvk/94195:</subfield>
  </datafield>
  <datafield tag="084" ind1=" " ind2=" ">
   <subfield code="a">LH 34440</subfield>
   <subfield code="q">BVB</subfield>
   <subfield code="2">rvk</subfield>
   <subfield code="0">(DE-625)rvk/93134:</subfield>
  </datafield>
  <datafield tag="084" ind1=" " ind2=" ">
   <subfield code="a">LH 70450</subfield>
   <subfield code="q">BVB</subfield>
   <subfield code="2">rvk</subfield>
   <subfield code="0">(DE-625)rvk/94828:</subfield>
  </datafield>
  <datafield tag="084" ind1=" " ind2=" ">
   <subfield code="a">21.02</subfield>
   <subfield code="2">bkl</subfield>
  </datafield>
  <datafield tag="084" ind1=" " ind2=" ">
   <subfield code="a">20.24</subfield>
   <subfield code="2">bkl</subfield>
  </datafield>
  <datafield tag="245" ind1="1" ind2="0">
   <subfield code="a">Höfische Porträtkultur</subfield>
   <subfield code="b">die Bildnissammlung der österreichischen Erzherzogin Maria Anna (1738-1789)</subfield>
   <subfield code="c">Eva Kernbauer, Aneta Zahradnik (Hg.)</subfield>
  </datafield>
  <datafield tag="264" ind1=" " ind2="1">
   <subfield code="a">Berlin</subfield>
   <subfield code="b">De Gruyter</subfield>
   <subfield code="c">[2016]</subfield>
  </datafield>
  <datafield tag="300" ind1=" " ind2=" ">
   <subfield code="a">211 Seiten</subfield>
   <subfield code="b">Illustrationen</subfield>
  </datafield>
  <datafield tag="336" ind1=" " ind2=" ">
   <subfield code="a">Text</subfield>
   <subfield code="b">txt</subfield>
   <subfield code="2">rdacontent</subfield>
  </datafield>
  <datafield tag="336" ind1=" " ind2=" ">
   <subfield code="a">unbewegtes Bild</subfield>
   <subfield code="b">sti</subfield>
   <subfield code="2">rdacontent</subfield>
  </datafield>
  <datafield tag="337" ind1=" " ind2=" ">
   <subfield code="a">ohne Hilfsmittel zu benutzen</subfield>
   <subfield code="b">n</subfield>
   <subfield code="2">rdamedia</subfield>
  </datafield>
  <datafield tag="338" ind1=" " ind2=" ">
   <subfield code="a">Band</subfield>
   <subfield code="b">nc</subfield>
   <subfield code="2">rdacarrier</subfield>
  </datafield>
  <datafield tag="490" ind1="0" ind2=" ">
   <subfield code="a">Edition Angewandte</subfield>
  </datafield>
  <datafield tag="500" ind1=" " ind2=" ">
   <subfield code="a">Bildnisse aus der Hinterlassenschaft der österreichischen Erzherzogin Maria Anna, die heute im Klagenfurter Konvent der Elisabethinen aufbewahrt werden (Seite 9)</subfield>
  </datafield>
  <datafield tag="505" ind1="8" ind2="0">
   <subfield code="t">Einleitung : zur kunsthistorischen Aufarbeitung der Hinterlassenschaft Maria Annas in Klagenfurt</subfield>
   <subfield code="r">Eva Kernbauer</subfield>
  </datafield>
  <datafield tag="505" ind1="8" ind2="0">
   <subfield code="t">Die Bildausstattung der Klagenfurter Residenz bis 1789</subfield>
   <subfield code="r">Aneta Zahradnik</subfield>
  </datafield>
  <datafield tag="505" ind1="8" ind2="0">
   <subfield code="t">Die Hinterlassenschaft Maria Annas und das Konzept einer fürstlichen Porträtsammlung</subfield>
   <subfield code="r">Michael Yonan</subfield>
  </datafield>
  <datafield tag="505" ind1="8" ind2="0">
   <subfield code="t">Herrschaftssicherung mittels visueller Repräsentation zur Porträtkultur Maria Theresias</subfield>
   <subfield code="r">Werner Telesko</subfield>
  </datafield>
  <datafield tag="505" ind1="8" ind2="0">
   <subfield code="t">&quot;ich brauch in keinem zimmer keinen baldachin wär auch sehr lächerlich&quot; Selbstinszenierung und Repräsentation der Erzherzogin Maria Anna</subfield>
   <subfield code="r">Stefanie Kitzberger</subfield>
  </datafield>
  <datafield tag="505" ind1="8" ind2="0">
   <subfield code="t">Kinderporträts aus der Sammlung der Elisabethinen in Klagenfurt Porträtproduktion und -verbreitung im 18. Jahrhundert</subfield>
   <subfield code="r">Aneta Zahradnik</subfield>
  </datafield>
  <datafield tag="505" ind1="8" ind2="0">
   <subfield code="t">Vom Dachboden zum Schaudepot die Gemälde- und Paramentensammlung der Elisabethinen in Klagenfurt</subfield>
   <subfield code="r">Gabriela Krist, Caroune Ocks, Veronika Loiskandl, Barbara Eisenhardt und Britta Schwenck</subfield>
  </datafield>
  <datafield tag="505" ind1="8" ind2="0">
   <subfield code="t">Katalog ; Die Familiengalerie ; Kinderbildnisse ; Pastellbildnisse ; Die Einsiedlerbilder ; Maria Theresia und Franz Stephan im Turquerie-Kostüm ; Die Porträts von Johann Baptist Lampi ; Bildnisse dreier Kardinäle ; Joseph II. in Husarenuniform ; Maria Theresia im ungarischen Krönungsornat ; Porträtminiaturen und kleinformatige Bildnisse ; Das Kaiserpaar Maria Theresia und Franz Stephan ; Ferdinand Karl und Maria Beatrice von Österreich Este ; Maria Karolina, Köngin von Neapel-Sizilien ; Erzherzog Maximilian, Erzbischof und Kurfürst von Köln ; Maria Ludovica von Spanien ; Sigismund Franz von Österreich-Tirol ; Das Porträt einer jungen Dame in weissem Kleid ; Gräfin Magdalena Passant, Hofdame der Erzherzogin Maria Anna ; Josef von Edlingen, Pfarrer zu St. Lorenzen ; Literaturverzeichnis ; Kurzbiografien der Autorinnen und Autoren.</subfield>
  </datafield>
  <datafield tag="583" ind1="1" ind2=" ">
   <subfield code="a">Archivierung/Langzeitarchivierung gewährleistet</subfield>
   <subfield code="f">FID</subfield>
   <subfield code="x">XA-DE-BW</subfield>
   <subfield code="2">pdager</subfield>
   <subfield code="5">DE-16</subfield>
  </datafield>
  <datafield tag="600" ind1="1" ind2="0">
   <subfield code="a">Maria Anna</subfield>
   <subfield code="c">Archduchess of Austria</subfield>
   <subfield code="d">1738-1789</subfield>
   <subfield code="x">Art collections</subfield>
  </datafield>
  <datafield tag="650" ind1=" " ind2="0">
   <subfield code="a">Portraits</subfield>
   <subfield code="x">Private collections</subfield>
   <subfield code="z">Austria</subfield>
  </datafield>
  <datafield tag="655" ind1=" " ind2="7">
   <subfield code="a">Aufsatzsammlung</subfield>
   <subfield code="0">(DE-588)4143413-4</subfield>
   <subfield code="0">(DE-627)105605727</subfield>
   <subfield code="0">(DE-576)209726091</subfield>
   <subfield code="2">gnd-content</subfield>
  </datafield>
  <datafield tag="655" ind1=" " ind2="7">
   <subfield code="a">Katalog</subfield>
   <subfield code="0">(DE-588)4163417-2</subfield>
   <subfield code="0">(DE-627)105454966</subfield>
   <subfield code="0">(DE-576)209880899</subfield>
   <subfield code="2">gnd-content</subfield>
  </datafield>
  <datafield tag="689" ind1="0" ind2="0">
   <subfield code="d">p</subfield>
   <subfield code="0">(DE-588)120453525</subfield>
   <subfield code="0">(DE-627)080684181</subfield>
   <subfield code="0">(DE-576)182613488</subfield>
   <subfield code="a">Maria Anna</subfield>
   <subfield code="c">Österreich, Erzherzogin</subfield>
   <subfield code="d">1738-1789</subfield>
   <subfield code="2">gnd</subfield>
  </datafield>
  <datafield tag="689" ind1="0" ind2="1">
   <subfield code="d">s</subfield>
   <subfield code="0">(DE-588)4145426-1</subfield>
   <subfield code="0">(DE-627)104297247</subfield>
   <subfield code="0">(DE-576)209741392</subfield>
   <subfield code="a">Bildnismalerei</subfield>
   <subfield code="2">gnd</subfield>
  </datafield>
  <datafield tag="689" ind1="0" ind2="2">
   <subfield code="d">s</subfield>
   <subfield code="0">(DE-588)4128844-0</subfield>
   <subfield code="0">(DE-627)105714259</subfield>
   <subfield code="0">(DE-576)209605545</subfield>
   <subfield code="a">Sammlung</subfield>
   <subfield code="2">gnd</subfield>
  </datafield>
  <datafield tag="689" ind1="0" ind2=" ">
   <subfield code="5">DE-101</subfield>
  </datafield>
  <datafield tag="700" ind1="1" ind2=" ">
   <subfield code="a">Kernbauer, Eva</subfield>
   <subfield code="d">1975-</subfield>
   <subfield code="e">HerausgeberIn</subfield>
   <subfield code="0">(DE-588)124576591</subfield>
   <subfield code="0">(DE-627)577698060</subfield>
   <subfield code="0">(DE-576)294239715</subfield>
   <subfield code="4">edt</subfield>
  </datafield>
  <datafield tag="700" ind1="1" ind2=" ">
   <subfield code="a">Zahradnik, Aneta</subfield>
   <subfield code="e">HerausgeberIn</subfield>
   <subfield code="0">(DE-588)109930976X</subfield>
   <subfield code="0">(DE-627)858177331</subfield>
   <subfield code="0">(DE-576)469254262</subfield>
   <subfield code="4">edt</subfield>
  </datafield>
  <datafield tag="710" ind1="2" ind2=" ">
   <subfield code="a">Konvent der Elisabethinen zu Klagenfurt</subfield>
   <subfield code="e">Sonstige Person, Familie und Körperschaft</subfield>
   <subfield code="0">(DE-588)16073315-7</subfield>
   <subfield code="0">(DE-627)714724025</subfield>
   <subfield code="0">(DE-576)325844887</subfield>
   <subfield code="4">oth</subfield>
  </datafield>
  <datafield tag="710" ind1="2" ind2=" ">
   <subfield code="a">Walter de Gruyter GmbH &amp; Co. KG</subfield>
   <subfield code="e">Verlag</subfield>
   <subfield code="0">(DE-588)10095502-2</subfield>
   <subfield code="0">(DE-627)478082134</subfield>
   <subfield code="0">(DE-576)200141279</subfield>
   <subfield code="4">pbl</subfield>
  </datafield>
  <datafield tag="776" ind1="1" ind2=" ">
   <subfield code="z">9783110459494</subfield>
   <subfield code="c">(EPUB)</subfield>
  </datafield>
  <datafield tag="776" ind1="0" ind2="8">
   <subfield code="i">Erscheint auch als</subfield>
   <subfield code="n">Online-Ausgabe</subfield>
   <subfield code="a">Kernbauer, Eva</subfield>
   <subfield code="t">Höfische Porträtkultur : Die Bildnissammlung der österreichischen Erzherzogin Maria Anna (1738-1789)</subfield>
   <subfield code="d">Berlin/Boston : De Gruyter,c2016</subfield>
   <subfield code="z">978-3-11-045987-6</subfield>
  </datafield>
  <datafield tag="776" ind1="0" ind2="8">
   <subfield code="i">Erscheint auch als</subfield>
   <subfield code="n">Online-Ausgabe</subfield>
   <subfield code="t">Höfische Porträtkultur</subfield>
   <subfield code="d">Berlin : de Gruyter, 2016</subfield>
   <subfield code="h">1 Online-Ressource (211 Seiten)</subfield>
   <subfield code="w">(DE-627)1659133572</subfield>
   <subfield code="w">(DE-576)478628846</subfield>
   <subfield code="z">9783110459876</subfield>
   <subfield code="z">9783110459494</subfield>
   <subfield code="z">9783110459906</subfield>
  </datafield>
  <datafield tag="787" ind1="0" ind2="8">
   <subfield code="i">Rezensiert in</subfield>
   <subfield code="a">Beck, Marina, 1982 - </subfield>
   <subfield code="t">[Rezension von: Eva Kernbauer, Aneta Zahradnik (Hrsg.), Höfische Porträtkultur]</subfield>
   <subfield code="d">Regensburg : Verlag Schnell &amp; Steiner GmbH, 2016</subfield>
   <subfield code="w">(DE-627)168815700X</subfield>
  </datafield>
  <datafield tag="856" ind1="4" ind2="2">
   <subfield code="u">http://d-nb.info/1076283330/04</subfield>
   <subfield code="m">B:DE-101</subfield>
   <subfield code="q">application/pdf</subfield>
   <subfield code="3">Inhaltsverzeichnis</subfield>
  </datafield>
  <datafield tag="889" ind1=" " ind2=" ">
   <subfield code="w">(DE-627)835215148</subfield>
  </datafield>
  <datafield tag="935" ind1=" " ind2=" ">
   <subfield code="i">mdedup</subfield>
  </datafield>
  <datafield tag="936" ind1="r" ind2="v">
   <subfield code="a">LH 60400</subfield>
   <subfield code="b">Kunstsammeln</subfield>
   <subfield code="k">Kunstgeschichte</subfield>
   <subfield code="k">Allgemeines. Allgemeine Kunstgeschichte</subfield>
   <subfield code="k">Kunstkennerschaft und Mäzenatentum</subfield>
   <subfield code="k">Kunstsammeln</subfield>
   <subfield code="0">(DE-627)1270643045</subfield>
   <subfield code="0">(DE-625)rvk/94195:</subfield>
   <subfield code="0">(DE-576)200643045</subfield>
  </datafield>
  <datafield tag="936" ind1="r" ind2="v">
   <subfield code="a">LH 34440</subfield>
   <subfield code="b">Klagenfurt</subfield>
   <subfield code="k">Kunstgeschichte</subfield>
   <subfield code="k">Allgemeines. Allgemeine Kunstgeschichte</subfield>
   <subfield code="k">Museumskunde. Museumskataloge</subfield>
   <subfield code="k">Kataloge einzelner Museen; Schrifttum über einzelne Museen</subfield>
   <subfield code="k">Orte K</subfield>
   <subfield code="k">Klagenfurt</subfield>
   <subfield code="0">(DE-627)1272690059</subfield>
   <subfield code="0">(DE-625)rvk/93134:</subfield>
   <subfield code="0">(DE-576)202690059</subfield>
  </datafield>
  <datafield tag="936" ind1="r" ind2="v">
   <subfield code="a">LH 70450</subfield>
   <subfield code="b">Porträt</subfield>
   <subfield code="k">Kunstgeschichte</subfield>
   <subfield code="k">Allgemeines. Allgemeine Kunstgeschichte</subfield>
   <subfield code="k">Kunstgeschichte einzelner Gattungen der Kunst</subfield>
   <subfield code="k">Malerei</subfield>
   <subfield code="k">Gegenstände (Darstellungen nichtikonographischen Charakters)</subfield>
   <subfield code="k">Porträt</subfield>
   <subfield code="0">(DE-627)1271028514</subfield>
   <subfield code="0">(DE-625)rvk/94828:</subfield>
   <subfield code="0">(DE-576)201028514</subfield>
  </datafield>
  <datafield tag="936" ind1="b" ind2="k">
   <subfield code="a">21.02</subfield>
   <subfield code="j">Geschichte der Malerei</subfield>
   <subfield code="0">(DE-627)106406698</subfield>
  </datafield>
  <datafield tag="936" ind1="b" ind2="k">
   <subfield code="a">20.24</subfield>
   <subfield code="j">Gesellschaft</subfield>
   <subfield code="j">Kultur</subfield>
   <subfield code="x">Ikonographie</subfield>
   <subfield code="0">(DE-627)106423622</subfield>
  </datafield>
  <datafield tag="951" ind1=" " ind2=" ">
   <subfield code="a">BO</subfield>
  </datafield>
  <datafield tag="990" ind1=" " ind2=" ">
   <subfield code="a">Maria Anna &lt;Österreich, Erzherzogin&gt; </subfield>
  </datafield>
  <datafield tag="990" ind1=" " ind2=" ">
   <subfield code="a">Bildnismalerei</subfield>
  </datafield>
  <datafield tag="990" ind1=" " ind2=" ">
   <subfield code="a">Sammlung</subfield>
  </datafield>
  <datafield tag="991" ind1=" " ind2=" ">
   <subfield code="a">Rezensiertes Werk</subfield>
  </datafield>
  <datafield tag="999" ind1=" " ind2=" ">
   <subfield code="a">KXP-PPN1622706161</subfield>
   <subfield code="e">4113079552</subfield>
  </datafield>
 </record>
</collection>
